000 00212 a2200097 4500
001 41849
100 _aBrady G S
245 _aMaterials hand book
260 _a
_bMcGraw-Hill Book Co.
_c
090 _c25945
_d25945
942 _aNUST-CAE
_cM
_c17719
999 _c276922
_d276922